000 00577cam a2200193 a 4500
001 000018463
005 20200929165818.0
008 910605s1960 fr 000 0 fre d
040 _aDO-SdBNP
_bfre
_cLC
_dBNPHU
082 _a843.8
_bG328a
100 1 _aGenevoix, Maurice,
_d1890-1980.
_939951
245 1 0 _aAu cadran de mon clocher /
_cMaurice Genevoix.
260 _aParis :
_bPresses de la Cité,
_c1960.
300 _a228 p. ;
_c22 cm.
650 4 _aNovela francesa
_91075
650 4 _aLiteratrua francesa
_939952
910 _aCatalogación derivada / LC
049 _aBNGR
999 _c17983
_d17983